Kiküldetési folyamat egy médiavállalatnál

Bibliográfiai részletek
Szerző: Rajki Réka Andrea
További közreműködők: Bányai Dr. Kornél
Dokumentumtípus: Projektmunka
Kulcsszavak:kiküldetések
kiküldetési rendelvény
magyar munkavállalók külföldön
napi díj
újságírók
Online Access:http://dolgozattar.uni-bge.hu/60116

MARC

LEADER 00000nnm a2200000 i 4500
001 dolg60116
005 20260409150018.0
008 260409suuuu hu o 000 hun d
040 |a BGE Dolgozattár Repozitórium  |b hun 
041 |a hu 
100 1 |a Rajki Réka Andrea 
245 1 0 |a Kiküldetési folyamat egy médiavállalatnál  |c Rajki Réka Andrea  |h [elektronikus dokumentum] 
516 |a Project_work 
520 3 |a A dolgozat témája a kiküldetési folyamat, melyet egy magyar kormányközeli médiavállaltnál, azon belül is egy neves újságnál készítettem el. A kiküldetési folyamat során a munkavállalók ideiglenesen egy másik helyszínen végzik munkájukat, amely lehet belföldi vagy külföldi. A folyamat magában foglalja a kiküldetés előkészítését, a szükséges engedélyek beszerzését, az utazás és szállás megszervezését, valamint a költségek elszámolását. A kiküldetés során felmerülő költségek, mint például az utazási, szállás- és egyéb járulékos költségek, a munkáltató által kerülnek megtérítésre. A kiküldetés végeztével a munkavállaló köteles részletes elszámolást készíteni a felmerült költségekről, amelyet a munkáltató ellenőriz és jóváhagy. 
695 |a kiküldetések 
695 |a kiküldetési rendelvény 
695 |a magyar munkavállalók külföldön 
695 |a napi díj 
695 |a újságírók 
700 1 |a Bányai Dr. Kornél  |e ths 
856 4 0 |u http://dolgozattar.uni-bge.hu/60116/1/Rajki%20R%C3%A9ka%20szakdolgozat.pdf  |z Dokumentum-elérés 
856 4 0 |u http://dolgozattar.uni-bge.hu/60116/2/Rajki_Andrea_FOSZK_biralat.pdf  |z Dokumentum-elérés